Najmocniej i najsłabiej zaludnione państwa - Statystyki

Ogólne statystyki
  • Ten quiz został rozwiązany 27 023 razy
  • Średni wynik to 13 z 20
Statystyki odpowiedzi
Over/Under Kraj % Poprawnych
+ 848 mln Chiny
98%
+ 1153 mln Indie
94%
- 826 mln Rosja
93%
- 231 mln Stany Zjednoczone
91%
- 530 mln Kanada
85%
- 274 mln Brazylia
81%
+ 105 mln Japonia
75%
- 412 mln Australia
71%
- 114 mln Argentyna
64%
+ 62,5 mln Niemcy
62%
+ 157 mln Indonezja
60%
+ 143 mln Nigeria
55%
- 136 mln Kazachstan
52%
+ 157 mln Bangladesz
50%
+ 157 mln Pakistan
47%
- 88,7 mln Arabia Saudyjska
41%
- 92,8 mln Algieria
40%
+ 75,8 mln Wietnam
34%
+ 89,8 mln Filipiny
32%
- 94,1 mln Libia
27%
Nie znaleziono quizów pasujących do podanych kryteriów
Rozkład punktacji
Procent ludzi z każdym wynikiem
Percentyl według liczby udzielonych odpowiedzi
Twoja historia wyników
Nie rozwiązałeś tego quizu